00766cam a22002534a 45000010009000000050017000090080041000260100017000670200022000840350020001060400023001260410008001490420008001570600025001650800019001900820023002091000006002321010008002382450074002469060045003209420012003659990017003779520118003941223289620180213034425.0001116s2001 maua 001 0 eng c a 00066773  a0632045744 (pbk.) a(DNLM)100971433 aDNLM/DLCcDLCdDLC aeng apcc10aQW 518.2bA973i 2001 a616.079076 AYA00a616.079076 AYA2211 a7 aDER10aImmunology for the boards and wards /cCarlos Ayala, Brad Spellberg. a7bcbccorignewd1eocipf20gy-gencatlg 2ddccBK c42342d42342 00102udc40708PËKGa002b002cPËKGd2018-02-13l0o616.079076 AYAp002-2998064r2018-02-13w2018-02-13yBK